Adventures of Huckleberry Finn / (Record no. 4799)

MARC details
000 -LEADER
fixed length control field 00861nam a22002657a 4500
001 - CONTROL NUMBER
control field 4799
003 - CONTROL NUMBER IDENTIFIER
control field FISKH
005 - DATE AND TIME OF LATEST TRANSACTION
control field 20241014141926.0
008 - FIXED-LENGTH DATA ELEMENTS--GENERAL INFORMATION
fixed length control field 241014b cb ||||| |||| 00| 0 eng d
020 ## - INTERNATIONAL STANDARD BOOK NUMBER
International Standard Book Number 9788120754379
040 ## - CATALOGING SOURCE
Original cataloging agency FISKH
Language of cataloging eng
Transcribing agency FISKH
Modifying agency FISKH
082 ## - DEWEY DECIMAL CLASSIFICATION NUMBER
Classification number 813.4
100 ## - MAIN ENTRY--PERSONAL NAME
Personal name Twain, Mark
245 ## - TITLE STATEMENT
Title Adventures of Huckleberry Finn /
Statement of responsibility, etc. by Mark Twain
260 ## - PUBLICATION, DISTRIBUTION, ETC.
Place of publication, distribution, etc. New York :
Name of publisher, distributor, etc. Sterling Publisher ;
Date of publication, distribution, etc. 2005 .
300 ## - PHYSICAL DESCRIPTION
Extent 232 pages :
Other physical details illustrations ;
Dimensions 22 cm .
490 ## - SERIES STATEMENT
Series statement Graded Readers
Volume/sequential designation Level 5
505 ## - FORMATTED CONTENTS NOTE
Formatted contents note S <br/>
520 ## - SUMMARY, ETC.
Summary, etc. Mark Twain's classic tale of The Adventures of Huckleberry Finn tells of a young boy's adventures on the Mississippi River and life in the antebellum South
521 8# - TARGET AUDIENCE NOTE
Target audience note 800 <br/>
Source Lexile <br/>
521 8# - TARGET AUDIENCE NOTE
Target audience note S <br/>
Source Raz-Plus <br/>
650 ## - SUBJECT ADDED ENTRY--TOPICAL TERM
Topical term or geographic name entry element adventure
Form subdivision fiction
942 ## - ADDED ENTRY ELEMENTS (KOHA)
Source of classification or shelving scheme Dewey Decimal Classification
Koha item type Books
Suppress in OPAC No
Holdings
Withdrawn status Lost status Source of classification or shelving scheme Damaged status Not for loan Collection Home library Current library Shelving location Date acquired Total Checkouts Full call number Barcode Date last seen Price effective from Koha item type
    Dewey Decimal Classification     Fiction Footprints International School Library Network Toul Kork Campus Footprints International School Library Network Toul Kork Campus TTP Secondary Fiction Bookshelves 10/14/2024   TWA 813.4 FIS00870 10/14/2024 10/14/2024 Books